000 00545nam a2200193Ia 4500
005 20250923144742.0
008 008 250917s9999 xx 000 0 eng d
037 _aTextual
040 _aDSWL
_beng
_cDSWL
041 _aeng
_2eng
084 _aX9J.2.N5z7, K0
_qDSWL
245 0 _aStudies in Agricutltural economics, Vol. III
260 _aDelhi
_b Govt. Of India Manager of Publication
_c1960
300 _a202p.
365 _aINR
_b7.50
925 _g7.50
942 _cTEXL
_hX9J.2.N5z7, K0
999 _c1442900
_d1442900